000 00788cab a22002295a 4500
001 L159038
008 130731e2015 xxk 000 0 eng d
035 _a(Sirsi) u159038
041 0 _aeng
100 1 _aIjeh, Ike
245 0 0 _aPrint me off another shard
490 _aBuilding
_v(281) 18 September 2015, 44-45(2)
520 _aGlass has resisted the technological advances in 3D printing, but a team from MIT has invented a technique for printing full transparent glass. The breakthrough could revolutionise the way we make windows, cladding and full facade systems.
590 _aKA
650 2 4 _a3D PRINTING
650 2 4 _aGLASS
650 2 4 _a3D MODELLING
651 4 _aUnited Kingdom
690 _aCONSTRUCTION
690 _aBuilding materials and defects
942 _n0
999 _c84784
_d84784